000 00529nam a22001817a 4500
005 20251108172950.0
008 250721s2003 xx 000 0 ara d
082 1 4 _a666/قيس
100 1 _aالقيسي، فوزي عبد العزيز
245 1 0 _aتقنيات الخزف و الزجاج /
264 1 _aعمان :
_bدار الشروق للنشر و التوزيع،
_c2003.
300 _a236 ص.
650 1 7 _aالصناعات
650 1 7 _aالزجاج
650 1 7 _aالخزف
942 _2ddc
_cBK
999 _c92959
_d92959